|
|
|
|
| LEADER |
00000nam a22000007a 4500 |
| 005 |
20220812015131.0 |
| 007 |
co|||| |||| |
| 008 |
220812s2018 br |||||s|||| 00||0 por d |
| 020 |
|
|
|a 978-85-93741-26-5
|
| 035 |
|
|
|a 36818
|
| 040 |
|
|
|a vLex
|
| 090 |
|
|
|c 13692
|d 13692
|
| 100 |
1 |
|
|a de Moraes Mello, Cleyson
|
| 245 |
1 |
0 |
|a Locaȯ̂ e despejo
|h [Recurso electrn̤ico] :
|b Comentr̀ios ̉Lei 8.245/91 com as alteraė̳s das Lei 12.112/09 e Lei 12.744/12 /
|c Cleyson de Moraes Mello
|
| 250 |
|
|
|a 3era. Edicin̤
|
| 256 |
|
|
|a Servicio en ln̕ea
|
| 260 |
|
|
|a Rio de Janeiro:
|b Editora Processo,
|c 2018
|
| 300 |
|
|
|a 1 recurso electrn̤ico
|
| 500 |
|
|
|a Esta obra representa uma visô panorḿica da Lei de Locaȯ̂ e Despejo, comentada artigo por artigo, de acordo com as alteraė̳s sofridas pela Lei 12.744/12. Isto sem contar com farta jurisprudn̊cia recente sobre cada um dos artigos comentados. O livro aborda queste̳s importantes, tais como: usufruto, sublocaȯ̂, tempo de contrato, deveres das partes, direito de prefern̊cia, benfeitorias, garantias locatc̕ias, penalidades, nulidades, locaȯ̂ residencial e nô residencial, temporada, despejo, aȯ̂ revisional, de consignaȯ̂ em pagamento e renovatr̤ia. A obra ̌um verdadeiro instrumento de consulta e guia para a soluȯ̂ das queste̳s locatc̕ias no dia a dia forense, alm̌ de constituir valioso papel na literatura jurd̕ica do direito imobilir̀io.
|
| 506 |
1 |
|
|a Disponible solo en los productos indicados
|d vLex Global
|d vLex Global (Academic Edition, excluding Law Schools)
|d vLex Global (U.S. Academic Edition, Law Schools)
|d vLex Global (U.S. Academic Edition, excluding Law Schools)
|d vLex Global (Academic Edition, Law Schools)
|
| 650 |
0 |
4 |
|a Cd̤igo de Comercio y Registro Mercantil
|z Brasil
|
| 740 |
0 |
|
|a vLex Libros (Servicio en ln̕ea)
|
| 856 |
4 |
0 |
|u https://app.vlex.com/#/sources/36818
|z Acceso restringido
|
| 942 |
|
|
|c BOOK
|
| 999 |
0 |
|
|a Code of Commerce and Commercial Registry
|